The way of acting. The theatre writings of Tadashi Suzuki

Enregistré dans:
Détails bibliographiques
Auteur principal: Suzuki, Tadashi (Auteur)
Format: Livre
Langue:anglais
Publié: Nueva York Theatre Communications Group 1986
Sujets:
Tags: Ajouter un tag
Pas de tags, Soyez le premier à ajouter un tag!

MARC

LEADER 00000nam a2200000 a 4500
001 UCI1358
003 CL-VaPUC
008 070629e19860000US |||||||||||||||||eng|d
020 |a 0930452569 
082 0 4 |a 792.0952  |b SUZ  |2 21 
100 0 |a Suzuki, Tadashi  |e author  |9 521818 
245 1 4 |a The way of acting. The theatre writings of Tadashi Suzuki 
300 |a 158 p 
942 |c BK 
945 |d 20070629 00:00:00  |a rbrito 
260 |a Nueva York  |b Theatre Communications Group  |c 1986 
650 7 |a TEATRO JAPONES  |2 CL-VaPUC  |9 266545 
650 0 |a Historia y crítica   |9 257407 
650 0 |a Crítica literaria   |9 269189 
650 0 |a Actuación teatral  |9 312623 
583 |a last modification  |c 20070629 00:00:00  |k Rodrigo Vera 
999 |c 326187  |d 326185 
952 |0 0  |1 0  |4 0  |6 792_095200000000000_SUZ_1986  |7 0  |8 A  |9 407949  |a BIBGIM  |b BIBGIM  |d 2019-11-22  |i 4212002  |o 792.0952 SUZ 1986  |p 4212002  |r 2025-01-15  |w 2019-11-22  |y BK  |k ORI